الديمقراطية وحوار الثقافات : تحليل للأزمة وتفكيك للخطاب /

يمثل هذا الكتاب محصلة لأعمال الندوة المصرية الفرنسية الثالثة التى انعقدت بالقاهرة فى الفترة من 29 سبتمبر الى اول اكتوبر 1990 فى موضوع التحولات الديمقراطية فى الوطن العربى....

全面介绍

Saved in:
书目详细资料
主要作者: يسين، السيد
格式: 图书
语言:阿拉伯语
出版: القاهرة : الدار ميريت، 2007.
版:ط. 1
主题:
标签: 添加标签
没有标签, 成为第一个标记此记录!

MARC

LEADER 00000nam a22000007a 4500
003 INP
005 20201003212921.0
008 171231s2007 ua ||||fr|||| 00| 0 ara d
952 |0 0  |1 0  |4 0  |6 328_310000000000000_ي_د  |7 0  |8 arabic_Boo  |9 20654  |a INP  |b INP  |c MAIN  |d 2020-09-07  |l 0  |o 328.31 ي د  |p 021601  |r 2022-03-28 00:00:00  |w 2020-09-07  |y BK 
999 |c 16711  |d 16711 
040 |a EG-INP  |b ara  |c EG-INP 
082 0 4 |2 21  |a 328.31  |b ي د 
100 1 |a  يسين، السيد 
245 1 2 |a الديمقراطية وحوار الثقافات :   |b تحليل للأزمة وتفكيك للخطاب /   |c السيد يسين. 
250 |a ط. 1  
260 |a القاهرة :   |b الدار ميريت،   |c 2007. 
300 |a 329 ص. ؛   |c 24 سم. 
520 |a يمثل هذا الكتاب محصلة لأعمال الندوة المصرية الفرنسية الثالثة التى انعقدت بالقاهرة فى الفترة من 29 سبتمبر الى اول اكتوبر 1990 فى موضوع التحولات الديمقراطية فى الوطن العربى. 
650 7 |2 qramk  |a نظم الحكم 
650 7 |2 qramk  |a الديموقراطية 
650 7 |2 qramk  |a الثقافة السياسية 
901 |a EGPV2 
903 |a original 
942 |2 ddc  |c BK